Así habló Zarathustra (Record no. 5694)
[ view plain ]
| 000 -LEADER | |
|---|---|
| campo de control de longitud fija | 00313nam a2200121Ia 4500 |
| 008 - DATOS DE LONGITUD FIJA--INFORMACIÓN GENERAL | |
| campo de control de longitud fija | 231129s9999||||xx |||||||||||||| ||spa|| |
| 040 ## - FUENTE DE CATALOGACIÓN | |
| Lengua de catalogación | spa |
| 082 ## - NÚMERO DE LA CLASIFICACIÓN DECIMAL DEWEY | |
| Número de clasificación | 193 N677ha |
| 100 ## - ENTRADA PRINCIPAL--NOMBRE DE PERSONA | |
| Nombre de persona | Nietzche Friedrich |
| 245 #0 - MENCIÓN DEL TÍTULO | |
| Título | Así habló Zarathustra |
| 264 ## - PRODUCCIÓN, PUBLICACIÓN, DISTRIBUCIÓN, FABRICACIÓN Y COPYRIGHT | |
| Producción, publicación, distribución, fabricación y copyright | Bogotá Colombia: La Oveja Negra; Sarpe |
| 942 ## - ELEMENTOS DE ENTRADA SECUNDARIOS (KOHA) | |
| Fuente del sistema de clasificación o colocación | Clasificación Decimal Dewey |
| Tipo de ítem Koha | |
| Estatus retirado | Estado de pérdida | Fuente del sistema de clasificación o colocación | Estado de daño | No para préstamo | Biblioteca de origen | Biblioteca actual | Fecha de adquisición | Total de préstamos | Total de renovaciones | Signatura topográfica completa | Código de barras | Fecha de vencimiento | Visto por última vez | Fecha del último préstamo | Copia número | Precio de reemplazo | Tipo de ítem Koha |
|---|---|---|---|---|---|---|---|---|---|---|---|---|---|---|---|---|---|
| Clasificación Decimal Dewey | BIBLIOTECA PÚBLICA MUNICIPAL RAMON CORREA MEJIA | BIBLIOTECA PÚBLICA MUNICIPAL RAMON CORREA MEJIA | 28/06/2012 | 4 | 2 | 193 N677ha | 12967 | 28/04/2026 | 13/04/2026 | 13/04/2026 | 1 | 29/11/2023 | Libros | ||||
| Clasificación Decimal Dewey | BIBLIOTECA PÚBLICA MUNICIPAL RAMON CORREA MEJIA | BIBLIOTECA PÚBLICA MUNICIPAL RAMON CORREA MEJIA | 28/06/2012 | 193 N677ha | 12968 | 29/11/2023 | 2 | 29/11/2023 | Libros |